000 00734nam a2200241Ia 4500
003 OSt
005 20221007110434.0
006 a|||||r|||| 00| 0
007 ta
008 221006b |||||||| |||| 00| 0 eng d
024 _a21,137
037 _cTextual
040 _aLCO
_cLCO
_beng
041 _2eng
_aeng
082 _aY7:414p73,N73t, L3
245 0 _aDrug Use in America
_b Problem in Perspective
260 _aWashington
_bU.S. Government Printing Office U.S.A.
_c1973
300 _a481
500 _aSecond Report of the national Commission on Marihuana and Drug Abuse, 1973
650 _aDRUG USE IN AMERICA
_9707482
942 _hY7:414p73,N73t, L3
_cTEXL
999 _c1190700
_d1190700